000
00255nam a2200109Ia 4500
008
190913s9999||||xx |||||||||||||| ||und||
100
_a
Geddes and Grosset
245
0
_a
German Verbs
260
_a
New Delhi
_b
McGraw Hill
_c
2000
300
_a
975
942
_c
BK
999
_c
8355
_d
8355